000 00820nam a2200289Ia 4500
001 B6561
003 IT-RoPAU
008 130308s9999 xx 000 0 und d
040 _aIT-RoPAU
040 _cIT-RoPAU
041 _aITALIANO
100 _aLorenzetti Loredano Matteo
100 _gCodice Aut. SPICS: 14690
245 _a"Per una ""pedagogia del suono"" in bambini con gravi difficoltà comunicazionali"
245 _bAutismo Psicosi infantili e Musica
250 _a1a ed.
260 _aASSISI
260 _bPro Civitate Christiana
260 _c1983 [1° Ed.:1983 - Ed.Ling.Originale:1983]
300 _a"17 p. (prefazione: no ; testo: 17 [pagine: 49-65])"
650 _aSAGGI MUSICALI
650 _eCodice materia Spics: 7011
942 _cBK
957 _71
999 _c60274
_d60274
999 _bSI
999 _g1